[Event "Medellin Aristizabal Cup"]
[Site "Medellin"]
[Date "2017.09.10"]
[Round "6"]
[White "Uribe Sanchez, Alejandro"]
[Black "Paniagua, Fabio de Jesus"]
[Result "0-1"]
[WhiteElo "1970"]
[BlackElo "1832"]
[PlyCount "42"]
[EventDate "2017.09.06"]
[EventType "swiss"]
[EventRounds "7"]
[EventCountry "COL"]
[SourceTitle "CBM 180 Extra"]
[Source "ChessBase"]
[SourceDate "2017.10.06"]
[SourceVersion "1"]
[SourceVersionDate "2017.10.06"]
[SourceQuality "1"]

1. d4 Nf6 2. Nf3 d5 3. c4 e6 4. g3 Be7 5. Bg2 0-0 6. 0-0 Na6 7. Nc3 c6 8. Ne5 Nd7 9. Nxd7 Bxd7 10. e4 dxc4 11. e5 Nb4 12. h4 Nd3 13. Be3 Rb8 14. b3 b5 15. Be4 Nb4 16. bxc4 bxc4 17. Qe2 Nd5 18. Qxc4 Qa5 19. Rfc1 Rb2 20. Nd1 Rb4 21. Qd3 Nxe3 0-1

[Event "Medellin de Segunda Cat. Antioquia"]
[Site "Medellin"]
[Date "2014.03.26"]
[Round "5.7"]
[White "Uribe Sanchez, Alejandro"]
[Black "Ossa, Vladimir"]
[Result "1-0"]
[WhiteElo "1993"]
[BlackElo "1974"]
[PlyCount "63"]
[EventDate "2014.03.19"]
[EventType "swiss"]
[EventRounds "7"]
[EventCountry "COL"]
[SourceTitle "EXT 2024"]
[Source "ChessBase"]
[SourceDate "2023.10.10"]
[SourceVersion "1"]
[SourceVersionDate "2023.10.10"]
[SourceQuality "1"]

1. c4 f5 2. Nc3 e5 3. d3 Nf6 4. g3 Bb4 5. Bd2 d5 6. cxd5 Bxc3 7. Bxc3 Qxd5 8. Nf3 Nc6 9. Bg2 0-0 10. 0-0 e4 11. Bxf6 Rxf6 12. dxe4 Qxe4 13. Ng5 Qe7 14. Qb3+ Kh8 15. Rad1 h6 16. Nf3 Be6 17. Qa4 Rb8 18. e3 b5 19. Qc2 Bxa2 20. b3 Nb4 21. Qb2 Qf7 22. Ne5 Qxb3 23. Qxb3 Bxb3 24. Rb1 Bc4 25. Nd7 Bxf1 26. Bxf1 c5 27. Nxb8 Rd6 28. Ra1 c4 29. Rxa7 c3 30. Rc7 Nd5 31. Rc8+ Kh7 32. Bxb5 1-0

[Event "Medellin de Segunda Cat. Antioquia"]
[Site "Medellin"]
[Date "2014.03.19"]
[Round "1.1"]
[White "Uribe Sanchez, Alejandro"]
[Black "Gomez, Nicolas de Jesus"]
[Result "1-0"]
[WhiteElo "1993"]
[BlackElo "1659"]
[PlyCount "69"]
[EventDate "2014.03.19"]
[EventType "swiss"]
[EventRounds "7"]
[EventCountry "COL"]
[SourceTitle "EXT 2024"]
[Source "ChessBase"]
[SourceDate "2023.10.10"]
[SourceVersion "1"]
[SourceVersionDate "2023.10.10"]
[SourceQuality "1"]

1. c4 Nf6 2. Nc3 e6 3. g3 c6 4. Bg2 d5 5. d4 Bd6 6. Nf3 0-0 7. 0-0 h6 8. Nd2 Bc7 9. e4 dxc4 10. e5 Nd5 11. Nxc4 b5 12. Ne3 a6 13. Qh5 Nxc3 14. bxc3 Qg5 15. Qe2 Qg6 16. h4 f5 17. exf6 Qxf6 18. Ng4 Qe7 19. a4 Ra7 20. Re1 Bd6 21. Be4 Nd7 22. Bxc6 Rc7 23. axb5 axb5 24. Qxb5 Rf5 25. Qxf5 exf5 26. Rxe7 Bxe7 27. Bxd7 Bxd7 28. Ne5 Be6 29. Ra8+ Kh7 30. Bd2 Bd5 31. Ra5 Be4 32. f3 Bc2 33. h5 Bd8 34. Ra8 Bf6 35. Ng6 1-0

[Event "Medellin Flores op 19th"]
[Site "Medellin"]
[Date "2013.08.07"]
[Round "9"]
[White "Uribe Sanchez, Alejandro"]
[Black "Munoz, Monroy Cinthya Caro"]
[Result "1-0"]
[WhiteElo "2033"]
[BlackElo "1871"]
[PlyCount "65"]
[EventDate "2013.08.03"]
[EventType "swiss"]
[EventRounds "9"]
[EventCountry "COL"]
[SourceTitle "CBM 155 Extra"]
[Source "ChessBase"]
[SourceDate "2013.08.26"]
[SourceVersion "1"]
[SourceVersionDate "2013.08.26"]
[SourceQuality "1"]

1. Nf3 f5 2. b3 d6 3. d4 g6 4. Bb2 Bg7 5. g3 Nf6 6. Bg2 0-0 7. 0-0 Qe8 8. c4 h6 9. Na3 c6 10. Nd2 e5 11. dxe5 dxe5 12. e4 Na6 13. Qe2 f4 14. Nf3 Nh5 15. c5 g5 16. Nxe5 fxg3 17. fxg3 Rxf1+ 18. Rxf1 Nxg3 19. hxg3 Bxe5 20. Bxe5 Qxe5 21. Qh5 Be6 22. Qg6+ Kh8 23. Qxh6+ Kg8 24. Nc4 Bxc4 25. bxc4 Qd4+ 26. Rf2 Qxc5 27. Qg6+ Kh8 28. Qf6+ Kg8 29. Bh3 g4 30. Bxg4 Qe3 31. Be6+ Kh7 32. Qh4+ Kg7 33. Kg2 1-0